00827nam a2200253 a 450000100060000000300080000600500170001400800410003103500190007204000440009104100080013508200250014310000250016824500420019326000480023530000210028350000190030450400260032365000290034965000290037894200120040799900170041995201370043642479BD-RjUL20211209053540.0160613s1944 enk b 001 0 eng  a(BD-RjUL)42597 aDLCcNGHdNGHdOCoLCdDLCdBD-RjULbeng aeng a338.91223bHAR 19441 aHayek, F. A.913065314aThe road to serfdom /cby F.A. Hayek. aLondon :bRoutledge & Kegn Paul,Ltd.,c1944 a184 p. ;c22 cm. aIncludes Index aIncludes Bibliography 0aEconomic policy.9130654 0aTotalitarianism.9130655 2ddccBK c42479d42479 00102ddc40708NFICaRUCLbRUCLcStackd1965-01-11eZeithingerg7.00l0o338.91 HAR 1944r2016-06-13 00:00:00tC-2w2016-06-13yBK